| 000 | 00696nam a22002057a 4500 | ||
|---|---|---|---|
| 003 | OSt | ||
| 005 | 20251125094437.0 | ||
| 008 | 251125b |||||||| |||| 00| 0 eng d | ||
| 020 | _a978-971-817-136-3 | ||
| 040 |
_aDWC-Main Lib. _cOC |
||
| 082 | _aFil. 155 E92d 2007 | ||
| 100 | _aEvangelista, Lourdes Landicho | ||
| 245 |
_aDevelopmental psychology _b(growth and development with parenting by Filipino values)/ _cLourdes Landicho Evangelista |
||
| 260 |
_aManila, Phils. : _bBookoore Publishing, _cc2007. |
||
| 300 |
_aiii, 94 pages ; _c25 cm. |
||
| 500 | _aIncludes bibliography. | ||
| 650 | _21. Developmental psychology. | ||
| 650 | _a2. Parenting. | ||
| 942 |
_2ddc _cBK - FIL _kFil. _n0 |
||
| 999 |
_c6183 _d6183 |
||